logo

Bir Sreshtho Munshi Abdur Rouf Library
Jhenaidah Cadet College

Theodore Roosevelt, an autobiography / (Record no. 1867)

MARC details
000 -LEADER
fixed length control field 00993pam a2200289 a 4500
001 - CONTROL NUMBER
JCCL Control Number 1867
003 - CONTROL NUMBER IDENTIFIER
JCCL marc code BD-JhCC
005 - DATE AND TIME OF LATEST TRANSACTION
control field 20171025171636.0
008 - FIXED-LENGTH DATA ELEMENTS--GENERAL INFORMATION
fixed length control field 841213r19851913nyua 001 0aeng
020 ## - INTERNATIONAL STANDARD BOOK NUMBER
International Standard Book Number 0306802325 (pbk.) :
Terms of availability $12.95
035 ## - SYSTEM CONTROL NUMBER
system control number (BD-JhCC)1867
040 ## - CATALOGING SOURCE
Original cataloging agency DLC
Transcribing agency DLC
Modifying agency DLC
041 ## - LANGUAGE CODE
Language code of Book eng
050 00 - LIBRARY OF CONGRESS CALL NUMBER
Classification number E757
Item number .A37 1985
082 00 - DEWEY DECIMAL CLASSIFICATION NUMBER
Classification number 973.91/1/0924
-- B
DDC Edition number 19
Author mark and Year ROO 1985
100 1# - MAIN ENTRY--PERSONAL NAME
Personal name Roosevelt, Theodore,
Dates associated with a name 1858-1919.
245 10 - TITLE STATEMENT
Title Theodore Roosevelt, an autobiography /
Statement of responsibility, etc new introduction by Elting Morison.
260 ## - PUBLICATION, DISTRIBUTION, ETC. (IMPRINT)
Place of publication, distribution, etc New York :
Name of publisher, distributor, etc Da Capo Press,
Date of publication, distribution, etc [1985], c1913.
300 ## - PHYSICAL DESCRIPTION
Pagination xvii, 615 p. :
Other physical details ill. ;
Dimensions 21 cm.
490 0# - SERIES STATEMENT
Series statement A Da Capo paperback
500 ## - GENERAL NOTE
General note Includes index.
500 ## - GENERAL NOTE
General note Reprint. Originally published: New York : Macmillan, 1913.
600 10 - SUBJECT ADDED ENTRY--PERSONAL NAME
Personal name Roosevelt, Theodore,
Dates associated with a name 1858-1919.
650 #0 - SUBJECT ADDED ENTRY--TOPICAL TERM
Topical term or geographic name as entry element Presidents
Geographic subdivision United States
General subdivision Biography.
856 42 - ELECTRONIC LOCATION AND ACCESS
Materials specified Publisher description
Uniform Resource Identifier http://www.loc.gov/catdir/enhancements/fy0831/84029218-d.html
942 ## - ADDED ENTRY ELEMENTS (KOHA)
Source of classification or shelving scheme Dewey Decimal Classification
Koha item type Books
Holdings
Source of classification or shelving scheme Damaged status Not for loan Home library Current library Shelving location Date of accession Total Checkouts Full call number Barcode Date last seen Copy number Koha item type
Dewey Decimal Classification     JCC Rouf Library JCC Rouf Library General Stacks 10/25/2017   973.91/1/0924 ROO 1985 3373 10/25/2017 C-1 Books

JCC Library | Contacts | JCC Home

Last Update on 23 September 2017
Copyright @ 2017-2020 JCC Rouf Library
Rouf Library, Jhenidah Cadet College (JCC), Bangladesh